00346 a2200145 450000100060000002000150000604000370002110000260005824000310008424500260011530000070014136200090014844000120015765000310016971387 a8516016129 cAnchieta - Colégio São Paulo aForjaz, Sonia Salerno10aUm caso para Mister Xlpor10aUm caso para Mister X a460 a2000 1aModerna 4aLiteratura infanto-juvenil